00366nam a2200157Ia 4500001000500000005001700005008004100022041000800063082001500071100003900086245003000125260000900155300002800164650000800192654000800200111520260306140608.0260306t2007||||xx |||||||||||||| ||spa|| aESP a182.7bR96 aRusso Delgado, José AntonioeAUT 0aLa ética en demócrito c2007 a131 páginas :c24 cm. aGEN aCHU